Ecology for environmental sciences : biosphere, ecosystems and man
Αποθηκεύτηκε σε:
| Κύριος συγγραφέας: | |
|---|---|
| Μορφή: | Βιβλίο |
| Γλώσσα: | English |
| Δημοσίευση: |
London :
Edward Arnold,
c1981
|
| Σειρά: | Resource and environmental sciences series
|
| Θέματα: | |
| Ετικέτες: |
Προσθήκη ετικέτας
Δεν υπάρχουν, Καταχωρήστε ετικέτα πρώτοι!
|
MARC
| LEADER | 00000nam a2200000 i 4500 | ||
|---|---|---|---|
| 001 | 1/64715 | ||
| 008 | 931001s1987 eng d | ||
| 020 | |a 0-7131-2814-3 | ||
| 035 | |l 10001433 | ||
| 040 | |a GR-MY-UA |b gre |e aacr | ||
| 041 | 0 | |a eng | |
| 082 | 0 | |a 574.5 | |
| 100 | 1 | |a Anderson, J. M. |q (Jonathan Michael) |d 1943- | |
| 245 | 1 | 0 | |a Ecology for environmental sciences : |b biosphere, ecosystems and man / |c J. M. Anderson |
| 260 | |a London : |b Edward Arnold, |c c1981 | ||
| 300 | |a 175 p. | ||
| 490 | 1 | |a Resource and environmental sciences series | |
| 504 | |a Includes index | ||
| 650 | 0 | 0 | |a Ecology. |
| 830 | 0 | |a Resource and environmental sciences series | |
| 852 | |a INST |b LESVOS |e 19931001 |h 574.5 AND |p 005100005780 |q 005100005780 |t BK |y 0 | ||
| 909 | |a Λ |b 012291 | ||